| 000 | 01271nam0a22003011 4500 | ||
|---|---|---|---|
| 001 | rc\3363221 | ||
| 005 | 20260407215657.0 | ||
| 021 |
_aRU _b[74-85041] |
||
| 035 | _a(NLR Aleph) 007526602 | ||
| 090 |
_a7742093 _c7742093 |
||
| 100 | _a20130115d1974 |||y0rusy50 ca | ||
| 101 | 0 | _arus | |
| 102 | _aRU | ||
| 105 | _ay z ||||| | ||
| 200 | 1 |
_aЭкономико-математические методы оптимального планирования в угольной промышленности _fМ-во угольной пром-сти УССР |
|
| 210 |
_aДонецк _cДонбасс _d1974 |
||
| 215 |
_a54 с. _d20 |
||
| 225 | 1 | _a[Опыт промышленности Донбасса] | |
| 300 | _aАвт. указаны в вып. дан. | ||
| 606 |
_aУгольные шахты _xПланирование _xМатематические методы _2psbo |
||
| 700 | 1 |
_aЛомовацкий _bГ.И. _gГригорий Исаакович |
|
| 701 | 1 |
_aКучеба _bП.К. _gПетр Карпович |
|
| 712 | 0 | 1 |
_aУССР _bМинистерство угольной промышленности _3RU\NLR\AUTH\8810145735 _9785785 |
| 801 | 0 |
_aRU _bNLR _gpsbo |
|
| 801 | 1 |
_aRU _bELAR _2rusmarc |
|
| 852 |
_aNLR _j74-4/27237 |
||
| 942 | _cBOOK | ||
| 980 | _aNB | ||